| 000 | 01057nam a2200265Ia 4500 | ||
|---|---|---|---|
| 003 | OSt | ||
| 005 | 20221005103612.0 | ||
| 006 | a|||||r|||| 00| 0 | ||
| 007 | ta | ||
| 008 | 221004b |||||||| |||| 00| 0 hin d | ||
| 024 | _a31819 | ||
| 037 | _cTextual | ||
| 040 |
_aCRL _cCRL _bhin |
||
| 041 |
_2hin _ahin |
||
| 082 | _aO152,3M901,36, M4 | ||
| 100 | _aवर्मा, वृन्दावनलाल | ||
| 245 | 0 |
_aविराटा की पद्मिनी _b ऐतिहासिक उपन्यास |
|
| 246 | _aVirāṭā kī padminī: aitihāsik upanyāsa | ||
| 250 | _aबारहवॉं संस्करण; तेरहवां संस्करण | ||
| 260 |
_aझॉंसी _bमयूर प्रकाशन प्राइवेट लिमिटेड भारत _c1984 |
||
| 300 |
_a369पृ. _ccm. |
||
| 650 | _aहिन्दी कहानी | ||
| 942 |
_hO152,3M901,36, M4 _cTEXL _2cc |
||
| 999 |
_c1010403 _d1010403 |
||